Normal view
MARC view
- TECHNOLOGY & ENGINEERING / Imaging Systems
Entry Topical Term
001 - CONTROL NUMBER
- control field: 102601
003 - CONTROL NUMBER IDENTIFIER
- control field: NUST
005 - DATE AND TIME OF LATEST TRANSACTION
- control field: 20221115101538.0
008 - FIXED-LENGTH DATA ELEMENTS
- fixed length control field: 221115|| aca||aabn | a|a d
040 ## - CATALOGING SOURCE
- Original cataloging agency: NUST
- Transcribing agency: NUST
150 ## - HEADING--TOPICAL TERM
- Topical term or geographic name entry element: TECHNOLOGY & ENGINEERING / Imaging Systems
670 ## - SOURCE DATA FOUND
- Source citation: Work cat.: (NUST)211243: El-Samie, Fathi E. Abd. 102598, Image super-resolution and applications /
